<?xml version="1.0" encoding="UTF-8"?>
<collection xmlns="http://www.loc.gov/MARC21/slim">
<record>
  <controlfield tag="001">148643</controlfield>
  <controlfield tag="005">20250120165542.0</controlfield>
  <datafield tag="024" ind1="7" ind2=" ">
    <subfield code="2">doi</subfield>
    <subfield code="a">10.1021/om200589q</subfield>
  </datafield>
  <datafield tag="024" ind1="8" ind2=" ">
    <subfield code="2">sideral</subfield>
    <subfield code="a">78617</subfield>
  </datafield>
  <datafield tag="037" ind1=" " ind2=" ">
    <subfield code="a">ART-2012-78617</subfield>
  </datafield>
  <datafield tag="041" ind1=" " ind2=" ">
    <subfield code="a">eng</subfield>
  </datafield>
  <datafield tag="100" ind1=" " ind2=" ">
    <subfield code="a">Fuertes, S.</subfield>
    <subfield code="u">Universidad de Zaragoza</subfield>
    <subfield code="0">(orcid)0000-0003-1812-3175</subfield>
  </datafield>
  <datafield tag="245" ind1=" " ind2=" ">
    <subfield code="a">New C¿N¿C Bis-Cyclometalated Platinum(II) Complexes: Synthesis, Structures, and Photophysical Properties</subfield>
  </datafield>
  <datafield tag="260" ind1=" " ind2=" ">
    <subfield code="c">2012</subfield>
  </datafield>
  <datafield tag="520" ind1="3" ind2=" ">
    <subfield code="a">The reaction of a new ligand, ethyl 2,6-diphenylisonicotinate (EtO2C–C∧N∧C–H2), with K2PtCl4 in acetic acid affords the monocyclometalated complex [{(EtO2C–C∧N∧C–H)Pt(μ-Cl)}2] (1), which transforms to the bis-cyclometalated derivative [Pt(EtO2C–C∧N∧C)(DMSO)] (2) when heated in hot DMSO. Complex 2 is the precursor for preparing a new series of neutral mononuclear bis-cyclometalated complexes [Pt(EtO2C–C∧N∧C)(L)] (L = tht (3), PPh3 (4), CN-tBu (5), py (6), py-tBu (7), py-NH2 (8), py-CN (9), py-CONH2 (10)). These new complexes have been characterized spectroscopically, and structures of 2–10 have been determined crystallographically. Within each crystal structure the individual molecules pack in a head-to-tail arrangement. Noncovalent interactions, including π···π, C–H···O, C–H···N, N–H···Pt, N–H···π, C–H···π, and N–H···O, contribute significantly to the supramolecular structures displayed by these complexes in the solid state. All complexes display UV–vis absorptions in dichloromethane solution. Excitation and emission studies as well as lifetime measurements are described and can be correlated to the solid-state structures of the complexes. DFT and TDDFT computational studies have been performed on 5 and 8 which support the conclusions drawn from the photophysical studies.</subfield>
  </datafield>
  <datafield tag="506" ind1="0" ind2=" ">
    <subfield code="a">Access copy available to the general public</subfield>
    <subfield code="f">Unrestricted</subfield>
  </datafield>
  <datafield tag="540" ind1=" " ind2=" ">
    <subfield code="9">info:eu-repo/semantics/openAccess</subfield>
    <subfield code="a">All rights reserved</subfield>
    <subfield code="u">http://www.europeana.eu/rights/rr-f/</subfield>
  </datafield>
  <datafield tag="590" ind1=" " ind2=" ">
    <subfield code="a">4.145</subfield>
    <subfield code="b">2012</subfield>
  </datafield>
  <datafield tag="591" ind1=" " ind2=" ">
    <subfield code="a">CHEMISTRY, ORGANIC</subfield>
    <subfield code="b">11 / 57 = 0.193</subfield>
    <subfield code="c">2012</subfield>
    <subfield code="d">Q1</subfield>
    <subfield code="e">T1</subfield>
  </datafield>
  <datafield tag="591" ind1=" " ind2=" ">
    <subfield code="a">CHEMISTRY, INORGANIC &amp; NUCLEAR</subfield>
    <subfield code="b">6 / 44 = 0.136</subfield>
    <subfield code="c">2012</subfield>
    <subfield code="d">Q1</subfield>
    <subfield code="e">T1</subfield>
  </datafield>
  <datafield tag="655" ind1=" " ind2="4">
    <subfield code="a">info:eu-repo/semantics/article</subfield>
    <subfield code="v">info:eu-repo/semantics/acceptedVersion</subfield>
  </datafield>
  <datafield tag="700" ind1=" " ind2=" ">
    <subfield code="a">Brayshaw, S. K.</subfield>
  </datafield>
  <datafield tag="700" ind1=" " ind2=" ">
    <subfield code="a">Raithby, P. R.</subfield>
  </datafield>
  <datafield tag="700" ind1=" " ind2=" ">
    <subfield code="a">Schiffers, S.</subfield>
  </datafield>
  <datafield tag="700" ind1=" " ind2=" ">
    <subfield code="a">Warren M. R.</subfield>
  </datafield>
  <datafield tag="710" ind1="2" ind2=" ">
    <subfield code="1">2010</subfield>
    <subfield code="2">X</subfield>
    <subfield code="a">Universidad de Zaragoza</subfield>
    <subfield code="b">Dpto. Química Inorgánica</subfield>
    <subfield code="c">Proy. investigación HWA</subfield>
  </datafield>
  <datafield tag="773" ind1=" " ind2=" ">
    <subfield code="g">31, 1 (2012), 105-119</subfield>
    <subfield code="p">Organometallics</subfield>
    <subfield code="t">Organometallics</subfield>
    <subfield code="x">0276-7333</subfield>
  </datafield>
  <datafield tag="856" ind1="4" ind2=" ">
    <subfield code="s">1988616</subfield>
    <subfield code="u">http://zaguan.unizar.es/record/148643/files/texto_completo.pdf</subfield>
    <subfield code="y">Postprint</subfield>
  </datafield>
  <datafield tag="856" ind1="4" ind2=" ">
    <subfield code="s">1482858</subfield>
    <subfield code="u">http://zaguan.unizar.es/record/148643/files/texto_completo.jpg?subformat=icon</subfield>
    <subfield code="x">icon</subfield>
    <subfield code="y">Postprint</subfield>
  </datafield>
  <datafield tag="909" ind1="C" ind2="O">
    <subfield code="o">oai:zaguan.unizar.es:148643</subfield>
    <subfield code="p">articulos</subfield>
    <subfield code="p">driver</subfield>
  </datafield>
  <datafield tag="951" ind1=" " ind2=" ">
    <subfield code="a">2025-01-20-14:54:44</subfield>
  </datafield>
  <datafield tag="980" ind1=" " ind2=" ">
    <subfield code="a">ARTICLE</subfield>
  </datafield>
</record>
</collection>